000 003220000a22001210004500
041 0 _aEspañol inglés y portugués
082 0 4 _aDVD 014
100 1 _aLewis, Clive Staples
245 1 0 _aLas Cronicas de Narnia El león la bruja y el ropero / C. S. Lewis
505 0 0 _aVideo duracion 140 min.
001 1161
942 _cLGB
999 _c48335
_d48335